Normal view
MARC view
Entry Personal Name
001 - CONTROL NUMBER
- control field: 857566
003 - CONTROL NUMBER IDENTIFIER
- control field: OSt
005 - DATE AND TIME OF LATEST TRANSACTION
- control field: 20251217154645.0
008 - FIXED-LENGTH DATA ELEMENTS
- fixed length control field: 251217|| aca||aabn | a|a d
040 ## - CATALOGING SOURCE
- Original cataloging agency: OSt
- Transcribing agency: OSt
100 ## - HEADING--PERSONAL NAME
- Personal name: दीक्षित, त्रिलोकी नारायण
670 ## - SOURCE DATA FOUND
- Source citation: Work cat.: (OSt)349758: दीक्षित, त्रिलोकी नारायण, अवधी और उसका साहित्य, 1955 .
